| 000 | 00545nam a22001577a 4500 | ||
|---|---|---|---|
| 020 | _a9788132203452 | ||
| 082 | _a005.1 | ||
| 100 | _aSmith, Dave | ||
| 245 | _aAndroid recipes : a problem-solution approach | ||
| 260 |
_aNew Delhi _bApress _c2011 |
||
| 300 |
_axiii, 442 p. _bill. ; _e24 cm. |
||
| 500 | _aIncludes index. | ||
| 650 | _a1. Android (Electronic resource) 2.Android (Electronic resource) 3. Application software --Development. 4. Mobile computing. 5. Application software --Design. | ||
| 700 | _aFriesen, Jeff. | ||
| 942 | _cBK | ||
| 999 |
_c12063 _d12063 |
||